[Event "Sardinia World Open A"]
[Site "Orosei ITA"]
[Date "2026.05.08"]
[Round "7.24"]
[White "Zwirs, Nico"]
[Black "Shilon Rahav, Eliran"]
[Result "1-0"]
[WhiteTitle "IM"]
[BlackTitle "FM"]
[WhiteElo "2434"]
[BlackElo "2340"]
[WhiteFideId "1036432"]
[BlackFideId "2844958"]
[EventDate "2026.05.03"]

1. Nf3 Nf6 2. c4 e6 3. g3 d5 4. Bg2 b6 5. cxd5 exd5 6. O-O Bb7 7. d4 Bd6 8. Nc3
O-O 9. Nb5 Be7 10. Bf4 a6 11. Bxc7 Qd7 12. Bxb8 Qxb5 13. Bf4 Qxb2 14. Rb1 Qxa2
15. Rxb6 Bc8 16. Qa1 Qxa1 17. Rd1 Qc1 18. Rxc1 a5 19. Ra1 Re8 20. Ne5 a4 21. Rb2
a3 22. Rba2 Ra6 23. Bc1 Ra4 24. Nc6 Bf8 25. Bxa3 Bxa3 26. Rxa3 Rc4 27. Na7 Rxd4
28. Nb5 Rd2 29. e3 Bd7 30. Nd4 g6 31. R3a2 Rxa2 32. Rxa2 Rb8 33. h3 Kg7 34. Kh2
Rb1 35. Bf3 h5 36. Rd2 g5 37. Bg2 Ra1 38. Ne2 Be6 39. Nc3 Ra5 40. Kg1 Ra1+ 41.
Rd1 Rxd1+ 42. Nxd1 Kf8 43. Nc3 Ke7 44. Nb5 Ne8 45. Kh2 g4 46. h4 Kf6 47. Nd4 Ke5
48. Kg1 Ng7 49. Kf1 Nf5 50. Ne2 f6 51. Nf4 Bf7 52. Ke2 d4 53. Nd3+ Kd6 54. Be4
Ne7 55. exd4 f5 56. Bb7 Bc4 57. Ke3 Bxd3 58. Kxd3 Ng6 59. Ba6 Ke6 60. Bc8+ Kf6
61. Bd7 f4 62. Ke4 fxg3 63. fxg3 Ke7 64. Bf5 Nh8 65. Kd5 Kf6 66. Bd7 Ng6 67. Ke4
Ke7 68. Bb5 Nf8 69. Ke5 Ng6+ 70. Kf5 Nf8 71. Bc4 Nd7 72. Kg5 Nf6 73. Bd3 Kf7 74.
Bg6+ Ke6 75. Bf5+ Kf7 76. Bd3 Ke7 77. Kf5 Nd5 78. Kg6 Ne3 79. Kxh5 Kf6 80. Be4
Nd1 81. Kxg4 Nc3 82. Bd3 Nd5 83. Kf3 Ne7 84. Be4 Nc8 85. g4 Nd6 86. g5+ Kf7 87.
Kf4 Ne8 88. h5 Ng7 89. Bd5+ 1-0

[Event "Sardinia World Open A"]
[Site "Orosei ITA"]
[Date "2026.05.08"]
[Round "7.25"]
[White "Llari, Marc"]
[Black "Caprio, Guido"]
[Result "0-1"]
[WhiteTitle "FM"]
[BlackTitle "IM"]
[WhiteElo "2273"]
[BlackElo "2430"]
[WhiteFideId "651044269"]
[BlackFideId "834580"]
[EventDate "2026.05.03"]

1. e4 d6 2. d4 g6 3. Nc3 Bg7 4. Be3 Nf6 5. Qd2 Nc6 6. f3 a6 7. O-O-O b5 8. Bh6
Bxh6 9. Qxh6 e5 10. d5 Na5 11. Kb1 Bd7 12. Bd3 Nb7 13. h4 b4 14. Nce2 Nc5 15. g4
Bb5 16. Nc1 Nxd3 17. cxd3 Nd7 18. Nge2 a5 19. Ng3 Rc8 20. h5 c6 21. dxc6 Rxc6
22. hxg6 fxg6 23. f4 exf4 24. Nge2 Qf6 25. Nxf4 Nb6 26. Nd5 Nxd5 27. exd5 Rc7
28. Qe3+ Qe7 29. Qf2 Rf8 30. Qb6 Rb7 31. Qxa5 Qc7 32. Qxc7 Rxc7 33. Nb3 Rf4 34.
g5 Rg4 35. Rde1+ Kf8 36. Rh3 Ba6 37. a4 bxa3 38. bxa3 Rxg5 39. Nd4 Rb7+ 40. Ka1
Rxd5 41. Ne6+ Kg8 42. Rf1 Rf7 43. Rxf7 Kxf7 44. Nc7 Rxd3 45. Rxh7+ Kg8 46. Rd7
Bc4 47. Ne8 Bf7 48. Nxd6 Be6 49. Rd8+ Kh7 50. Kb2 g5 51. Kc1 g4 52. Nf7 Rc3+ 53.
Kd2 Rc5 54. Nd6 g3 55. Re8 Rd5+ 56. Ke3 Rxd6 57. Kf3 Rd3+ 58. Ke2 Bc4 59. Rc8 g2
60. Rxc4 Rg3 61. Rc7+ Kg8 62. Rc8+ Kf7 63. Rc7+ Ke8 0-1

[Event "Sardinia World Open A"]
[Site "Orosei ITA"]
[Date "2026.05.08"]
[Round "7.26"]
[White "Averin, Nikolay"]
[Black "Adharsh K"]
[Result "1/2-1/2"]
[WhiteTitle "IM"]
[BlackTitle "FM"]
[WhiteElo "2416"]
[BlackElo "2312"]
[WhiteFideId "24250473"]
[BlackFideId "25718207"]
[EventDate "2026.05.03"]

1. e4 c5 2. Nf3 d6 3. d4 cxd4 4. Nxd4 Nf6 5. Nc3 a6 6. h3 e5 7. Nb3 h6 8. Be2
Be7 9. Be3 Be6 10. f4 exf4 11. Bxf4 Nc6 12. Qd2 d5 13. e5 Ne4 14. Nxe4 dxe4 15.
O-O-O Qb6 16. Bg4 Nb4 17. Be3 Qc7 18. Bxe6 fxe6 19. Kb1 O-O 20. a3 Nd5 21. Bd4
Rac8 22. Rhf1 e3 23. Rxf8+ Bxf8 24. Qd3 Nf4 25. Qe4 Qc4 26. Re1 Nd5 27. Qg6 Nf4
28. Qe4 Nd5 29. Qg6 Nf4 30. Qe4 1/2-1/2

[Event "Sardinia World Open A"]
[Site "Orosei ITA"]
[Date "2026.05.08"]
[Round "7.27"]
[White "Manukyan, Sargis A."]
[Black "Rychagov, Nikita"]
[Result "1-0"]
[WhiteTitle "FM"]
[BlackTitle "CM"]
[WhiteElo "2376"]
[BlackElo "2304"]
[WhiteFideId "13303970"]
[BlackFideId "4508394"]
[EventDate "2026.05.03"]

1. d4 Nf6 2. c4 e6 3. Nc3 Bb4 4. e3 O-O 5. a3 Bxc3+ 6. bxc3 d6 7. Bd3 e5 8. e4
exd4 9. cxd4 Nxe4 10. Ne2 Re8 11. O-O d5 12. Ng3 Nd7 13. cxd5 Ndf6 14. Nxe4 Nxe4
15. Qc2 Qxd5 16. Bf4 Bf5 17. Be5 Rad8 18. Rad1 g6 19. Qc1 c6 20. Bc4 Qa5 21. Qh6
Rxe5 22. dxe5 Nd2 23. Qg5 Rd4 24. Bxf7+ Kxf7 25. Qf6+ Kg8 26. e6 Bxe6 27. Qxe6+
Kg7 28. Qe7+ Kh6 29. Qf8+ Kh5 30. Rfe1 Qd5 31. h3 Qg5 32. Kh1 Rd5 33. Re7 h6 34.
Rh7 1-0

[Event "Sardinia World Open A"]
[Site "Orosei ITA"]
[Date "2026.05.08"]
[Round "7.29"]
[White "Guernier, Antoine"]
[Black "Kantane, Anna"]
[Result "0-1"]
[BlackTitle "WIM"]
[WhiteElo "2077"]
[BlackElo "2216"]
[WhiteFideId "26062720"]
[BlackFideId "1135988"]
[EventDate "2026.05.03"]

1. e4 e5 2. Nc3 Nf6 3. f4 d5 4. fxe5 Nxe4 5. Nf3 Be7 6. d3 Nxc3 7. bxc3 c5 8.
Be2 d4 9. O-O O-O 10. Qe1 f6 11. Bf4 Nc6 12. cxd4 cxd4 13. Qg3 Qd5 14. Bh6 Rf7
15. exf6 Bxf6 16. Nd2 Be5 17. Qg5 Rxf1+ 18. Rxf1 Qe6 19. Bf3 Ne7 20. Bd5 Qxd5
21. Qxe7 Bd7 22. Bf4 Bf6 23. Qa3 Re8 24. Ne4 Bc6 25. Re1 Be7 26. Qxa7 Bb4 27.
Re2 Qh5 28. Kf1 Rf8 29. g3 Qf3+ 30. Rf2 Qh1+ 31. Ke2 g5 32. Qxd4 Qe1+ 33. Kf3
gxf4 34. gxf4 Bxe4+ 35. dxe4 Qc3+ 36. Qd3 Qf6 37. Ke2 Kh8 38. e5 Qe6 39. Qe4 Bc5
40. Rg2 Qa6+ 41. Kf3 Qf1+ 42. Kg3 Rg8+ 43. Kh3 Rxg2 44. Qxg2 Qxf4 45. Qxb7 Qxe5
46. Qb3 Bd6 47. a4 Qxh2+ 48. Kg4 Qf4+ 49. Kh3 h5 50. Qb2+ Be5 51. Kg2 0-1

[Event "Sardinia World Open A"]
[Site "Orosei ITA"]
[Date "2026.05.08"]
[Round "7.30"]
[White "Saine, Zachary"]
[Black "Srinath, Rao S.V."]
[Result "0-1"]
[BlackTitle "IM"]
[WhiteElo "2135"]
[BlackElo "2296"]
[WhiteFideId "2624346"]
[BlackFideId "5028876"]
[EventDate "2026.05.03"]

1. e4 e6 2. d4 d5 3. e5 c5 4. c3 Nc6 5. Nf3 Bd7 6. Be2 Nge7 7. Na3 cxd4 8. cxd4
Nf5 9. Nc2 Be7 10. O-O O-O 11. Bd2 Rc8 12. Bc3 f6 13. exf6 Bxf6 14. Bd3 Qc7 15.
Rc1 g6 16. Re1 Bg7 17. Qe2 a6 18. h3 Rce8 19. g4 Nd6 20. Ne5 Nb5 21. Bd2 Nbxd4
22. Nxd4 Qxe5 23. Nxc6 Qxe2 24. Ne7+ Rxe7 25. Rxe2 Rf3 26. Bb1 Bc6 27. Kg2 Ref7
28. Bf5 exf5 29. Kxf3 d4+ 30. Rxc6 bxc6 31. Re8+ Rf8 32. Rxf8+ Kxf8 33. Bb4+ Kf7
34. Kf4 Ke6 35. b3 Bh6+ 36. Kf3 Kd5 37. Be7 c5 38. g5 Bg7 39. a4 c4 40. b4 c3
41. Ke2 Kc4 42. Bf6 Bf8 43. b5 d3+ 44. Ke3 Bc5+ 0-1

[Event "Sardinia World Open A"]
[Site "Orosei ITA"]
[Date "2026.05.08"]
[Round "7.31"]
[White "Costantino, Claudio Emanuele"]
[Black "Kavutskiy, Kostya"]
[Result "1/2-1/2"]
[WhiteTitle "CM"]
[BlackTitle "IM"]
[WhiteElo "2147"]
[BlackElo "2318"]
[WhiteFideId "28505697"]
[BlackFideId "2026384"]
[EventDate "2026.05.03"]

1. e4 c5 2. Nf3 e6 3. d4 cxd4 4. Nxd4 a6 5. Bd3 Bc5 6. Nb3 Ba7 7. Qf3 Nc6 8. Qg3
Nf6 9. Nc3 d6 10. O-O O-O 11. Bh6 Ne8 12. Rad1 b5 13. Be3 Bxe3 14. Qxe3 Nf6 15.
a3 e5 16. Nd5 Nxd5 17. exd5 Ne7 18. f4 Nxd5 19. Bxh7+ Kxh7 20. Rxd5 Be6 21. Qd3+
Kg8 22. Rxd6 Qe7 23. Qd2 Bxb3 24. cxb3 exf4 25. Qxf4 Rfd8 26. Rxd8+ Rxd8 27. h3
Qe6 28. Rf3 Qe1+ 29. Rf1 Qe6 30. Rf3 Qe1+ 31. Kh2 Qe6 32. b4 Re8 33. b3 Qd5 34.
Qf5 Qxf5 35. Rxf5 Re3 36. Rf3 Re2 37. a4 Re4 38. axb5 axb5 39. Kg3 Rxb4 40. Rd3
f6 41. Kf3 Kf7 42. Ke3 Ke6 43. Rc3 Kd5 44. Rd3+ Ke5 45. Rc3 g5 46. g3 f5 47. Rd3
Re4+ 48. Kf3 g4+ 49. hxg4 fxg4+ 50. Kf2 Rd4 51. Ke3 Re4+ 52. Kf2 Rd4 53. Ke3
Re4+ 1/2-1/2

[Event "Sardinia World Open A"]
[Site "Orosei ITA"]
[Date "2026.05.08"]
[Round "7.37"]
[White "Swara Lakshmi S Nair"]
[Black "Skytte, Rasmus"]
[Result "1/2-1/2"]
[WhiteTitle "WFM"]
[BlackTitle "IM"]
[WhiteElo "2098"]
[BlackElo "2358"]
[WhiteFideId "25629239"]
[BlackFideId "1404210"]
[EventDate "2026.05.03"]

1. e4 g6 2. d4 Bg7 3. Nc3 d6 4. f4 c6 5. Nf3 b5 6. Bd3 Nd7 7. a4 b4 8. Ne2 d5 9.
e5 Nh6 10. a5 c5 11. Bb5 Qc7 12. e6 fxe6 13. Ng5 Qb7 14. Nxe6 Kf7 15. Bxd7 Qxd7
16. Nxc5 Qg4 17. O-O Nf5 18. c3 Rb8 19. h3 Qh4 20. Qd3 e6 21. Bd2 bxc3 22. bxc3
Qd8 23. g4 Nd6 24. Ng3 Re8 25. a6 Kg8 26. Rab1 Rxb1 27. Rxb1 Qc7 28. Kg2 Nc4 1/2-1/2

[Event "Sardinia World Open A"]
[Site "Orosei ITA"]
[Date "2026.05.09"]
[Round "8.1"]
[White "Martirosyan, Haik M."]
[Black "Nepomniachtchi, Ian"]
[Result "1/2-1/2"]
[WhiteTitle "GM"]
[BlackTitle "GM"]
[WhiteElo "2636"]
[BlackElo "2729"]
[WhiteFideId "13306553"]
[BlackFideId "4168119"]
[EventDate "2026.05.03"]

1. d4 Nf6 2. c4 e6 3. Nf3 b6 4. g3 Ba6 5. Qa4 Bb7 6. Bg2 c5 7. dxc5 bxc5 8. O-O
Be7 9. Rd1 O-O 10. Bf4 Qb6 11. Nc3 Rd8 12. Rd2 h6 13. Rad1 d6 14. g4 Na6 15. h3
Bc6 16. Qb3 Qxb3 17. axb3 Ne8 18. Ne1 Bxg2 19. Kxg2 Rdb8 20. Ra1 Nac7 21. Ra3
Rb6 22. e4 e5 23. Be3 a6 24. Rd3 Rab8 25. Nd5 Nxd5 26. cxd5 Nc7 27. Nf3 Nb5 28.
Ra4 Nd4 29. Nd2 Nxb3 30. Rxb3 Rxb3 31. Nxb3 Rxb3 32. Rxa6 Rxb2 33. Ra8+ Bf8 34.
h4 f6 35. h5 Rb7 36. Rc8 Kf7 37. Kf3 Be7 38. Bd2 Rd7 39. Ba5 Ra7 40. Bd2 Ra2 41.
Be3 Rb2 42. Bc1 Rb7 43. Bd2 Ra7 44. Rb8 Rd7 45. Ba5 Ra7 46. Bd2 Rd7 47. Ba5 Ra7 1/2-1/2

[Event "Sardinia World Open A"]
[Site "Orosei ITA"]
[Date "2026.05.09"]
[Round "8.2"]
[White "Puranik, Abhimanyu"]
[Black "Maghsoodloo, Parham"]
[Result "1/2-1/2"]
[WhiteTitle "GM"]
[BlackTitle "GM"]
[WhiteElo "2607"]
[BlackElo "2710"]
[WhiteFideId "5061245"]
[BlackFideId "12539929"]
[EventDate "2026.05.03"]

1. d4 d5 2. c4 c6 3. Nf3 Nf6 4. Nc3 dxc4 5. a4 e6 6. e3 c5 7. Bxc4 Nc6 8. O-O
cxd4 9. exd4 Be7 10. Be3 O-O 11. Ne5 Nb4 12. Qf3 a6 13. Rfd1 Nfd5 14. Bb3 Rb8
15. Qg3 Bh4 16. Qg4 Nxe3 17. fxe3 Nd5 18. Qe4 Nxc3 19. bxc3 Bf6 20. Rf1 b5 21.
Bc2 g6 22. Nc6 Bb7 23. axb5 axb5 24. Nxd8 Bxe4 25. Nxe6 fxe6 26. Bxe4 Bg5 27.
Rfe1 Rfc8 28. Ra3 b4 29. cxb4 Rxb4 30. Bf3 Kg7 31. Kf2 Kh6 32. Ra5 Re8 33. Re5
Bh4+ 34. g3 Bf6 35. Re4 Rb5 36. Rd1 Rb2+ 37. Kg1 e5 38. d5 Rf8 39. Bg4 Bd8 40.
Rxe5 Rff2 41. Bh3 Rxh2 42. Bf1 Rhf2 43. d6 Rf3 44. Re8 Rxg3+ 45. Kh1 Rg5 1/2-1/2

[Event "Sardinia World Open A"]
[Site "Orosei ITA"]
[Date "2026.05.09"]
[Round "8.3"]
[White "Smirin, Ilia"]
[Black "Karthikeyan, Murali"]
[Result "0-1"]
[WhiteTitle "GM"]
[BlackTitle "GM"]
[WhiteElo "2562"]
[BlackElo "2648"]
[WhiteFideId "2801990"]
[BlackFideId "5074452"]
[EventDate "2026.05.03"]

1. e4 e5 2. Nf3 Nc6 3. Bb5 g6 4. d4 exd4 5. c3 a6 6. Ba4 Bg7 7. cxd4 b5 8. Bc2
d5 9. e5 Bg4 10. Be3 f6 11. exf6 Bxf6 12. O-O Nge7 13. h3 Bxf3 14. Qxf3 Bxd4 15.
Nc3 Rf8 16. Qe2 Bxe3 17. Qxe3 Qd6 18. Rfd1 O-O-O 19. a4 b4 20. Ne4 Qe5 21. Nc5
Qxe3 22. fxe3 Rf6 23. Nxa6 Kb7 24. Bd3 Ne5 25. Nc5+ Kb6 26. Rdc1 Ra8 27. Bb5
N7c6 28. Rc2 Na5 29. Rac1 c6 30. Be2 Nac4 31. Bxc4 Kxc5 32. Be2+ Kb6 33. b3 Rd6
34. Rd2 c5 35. Rdc2 Ra5 36. Rd2 Ra7 37. Rdc2 c4 38. bxc4 dxc4 39. Bxc4 Rxa4 40.
Be2 Rc6 41. Rxc6+ Nxc6 42. Bc4 Ra3 43. Bg8 h6 44. Kf2 Ne5 45. Ke2 Rc3 46. Rxc3
bxc3 47. Kd1 Kc5 48. Kc2 Kb4 49. h4 Ng4 50. Kd3 Nxe3 51. g3 Nf5 52. Bf7 g5 53.
hxg5 hxg5 54. g4 Ne7 55. Kc2 Nc6 56. Bd5 Ne5 57. Be6 Nc4 58. Kc1 Ne3 59. Bc8 Kb5
60. Bd7+ Kc5 61. Bc8 Kd5 62. Bd7 Kd4 63. Bc8 Nd5 64. Kc2 Nb4+ 65. Kc1 Kd5 66.
Bd7 Ke5 67. Bc8 Ke4 68. Bd7 Kd3 69. Bf5+ Kd4 70. Bc8 Nd3+ 71. Kd1 Ne5 72. Kc2
Nc6 73. Kc1 Kc4 74. Be6+ Kc5 75. Bd7 Nd4 76. Bc8 Kc4 77. Ba6+ Kb3 78. Bd3 c2 79.
Kd2 Kb2 0-1

[Event "Sardinia World Open A"]
[Site "Orosei ITA"]
[Date "2026.05.09"]
[Round "8.4"]
[White "Suyarov, Mukhammadzokhid"]
[Black "Svane, Frederik"]
[Result "0-1"]
[WhiteTitle "IM"]
[BlackTitle "GM"]
[WhiteElo "2534"]
[BlackElo "2645"]
[WhiteFideId "14210495"]
[BlackFideId "12923044"]
[EventDate "2026.05.03"]

1. e4 e5 2. Nf3 Nc6 3. Bb5 a6 4. Ba4 Nf6 5. O-O Bc5 6. c3 b5 7. Bb3 d6 8. d4 Bb6
9. a4 Bd7 10. Re1 O-O 11. axb5 axb5 12. Rxa8 Qxa8 13. Bg5 exd4 14. Bxf6 gxf6 15.
Qd2 d3 16. Qxd3 Ne5 17. Qe2 Kh8 18. Nbd2 Qa7 19. Rf1 c6 20. Kh1 Ng4 21. Kg1 Bc8
22. h3 Ne5 23. Kh2 Ng6 24. g3 Qd7 25. Ng1 f5 26. Qh5 Kg7 27. f4 f6 28. Ne2 fxe4
29. f5 d5 30. Nd4 Bxd4 31. cxd4 Ne7 32. g4 Qd6+ 33. Kh1 Qb4 34. g5 Nxf5 35. Rg1
Qxd2 36. gxf6+ Kxf6 37. Qxh7 Qh6 0-1

[Event "Sardinia World Open A"]
[Site "Orosei ITA"]
[Date "2026.05.09"]
[Round "8.5"]
[White "Aditya, Mittal"]
[Black "Prraneeth, Vuppala"]
[Result "1/2-1/2"]
[WhiteTitle "GM"]
[BlackTitle "GM"]
[WhiteElo "2619"]
[BlackElo "2515"]
[WhiteFideId "35042025"]
[BlackFideId "46622373"]
[EventDate "2026.05.03"]

1. Nf3 d5 2. c4 e6 3. g3 Nf6 4. Bg2 Be7 5. d4 O-O 6. Qc2 a5 7. O-O a4 8. Rd1
Nbd7 9. c5 c6 10. Nc3 a3 11. b4 b6 12. Rb1 bxc5 13. bxc5 Ba6 14. h3 Bc4 15. Nd2
Ba6 16. Nf3 Bc4 17. e3 Qc7 18. Nd2 Ba6 19. f4 Nh5 20. g4 Ng3 21. Kh2 Ne2 22. Nf3
Nxc1 23. Qxc1 g5 24. Bf1 Bxf1 25. Rxf1 f5 26. Ne2 Kh8 27. Kh1 fxg4 28. hxg4 Nf6
29. Ne5 Ne4 30. Kg2 Bf6 31. Ng3 gxf4 32. exf4 Bxe5 33. fxe5 Qg7 34. Nxe4 dxe4
35. Rf4 Rf5 36. Qe3 Rg8 37. Qxe4 Qg5 38. Kg3 Qh6 39. Rxf5 exf5 40. Qxf5 Rf8 41.
g5 Qg7 42. Qg4 Qf7 43. Rb3 Qf2+ 44. Kh3 Qf1+ 45. Qg2 Qd1 46. Qg4 Qh1+ 47. Kg3
Qe1+ 48. Kh3 Qh1+ 49. Kg3 h5 50. Qh4 Qg1+ 51. Kh3 Qf1+ 52. Kg3 Kg7 53. g6 Kh6
54. g7 Qg1+ 55. Kh3 Qf1+ 56. Kg3 Qf2+ 57. Kh3 Qf1+ 1/2-1/2

[Event "Sardinia World Open A"]
[Site "Orosei ITA"]
[Date "2026.05.09"]
[Round "8.6"]
[White "Mendonca, Leon Luke"]
[Black "Gharibyan, Mamikon"]
[Result "0-1"]
[WhiteTitle "GM"]
[BlackTitle "GM"]
[WhiteElo "2613"]
[BlackElo "2477"]
[WhiteFideId "35028561"]
[BlackFideId "13308300"]
[EventDate "2026.05.03"]

1. e4 e5 2. Nf3 Nc6 3. Bc4 Bc5 4. c3 Nf6 5. d3 d6 6. Bg5 h6 7. Bh4 a5 8. Nbd2
Qe7 9. O-O Ba7 10. a4 g5 11. Bg3 O-O 12. Re1 Bg4 13. Nf1 Kg7 14. Ne3 Bxe3 15.
Rxe3 Rfe8 16. h3 Bh5 17. Qb3 Rab8 18. Rae1 Bg6 19. d4 Nh5 20. Bh2 Nf4 21. Bb5
Qf6 22. Qc4 Re7 23. Bxc6 bxc6 24. dxe5 dxe5 25. b4 Qe6 26. Qc5 axb4 27. cxb4 Qd6
28. a5 Rxb4 29. Qc3 Rb8 30. a6 Ra8 31. Qa1 Ra7 32. Ra3 c5 33. Bxf4 gxf4 34. Rd1
Qe6 35. Ra4 c4 36. Nd4 Qb6 37. Nf3 Qe6 38. Re1 Qf6 39. Ra5 Re6 40. Qc3 Raxa6 41.
Rxa6 Rxa6 42. Qxc4 Rc6 43. Qd5 Re6 44. Nh2 Rd6 45. Qa5 Qe7 46. Ng4 f6 47. f3 h5
48. Nf2 Bf7 49. Rc1 c6 50. Kh2 Qd7 51. Rc2 Rd4 52. h4 Qd6 53. Nh3 Rd1 54. Qb6
Be8 55. Ra2 Rc1 56. Ra7+ Bf7 57. Qb7 Qe6 58. Qb8 Rd1 59. Ra8 Qe7 60. Qc8 c5 61.
Ra6 Rd8 62. Qc6 c4 63. Rb6 Rd7 64. Ng1 Rc7 65. Qd6 Qxd6 66. Rxd6 c3 67. Ne2 c2
68. Nc1 Be8 69. Rd2 Ba4 70. Rd5 Rc4 71. Ra5 Kf7 72. Kg1 Rd4 73. Kh2 Ke6 74. Ne2
Rc4 75. g3 fxg3+ 76. Kxg3 Bc6 77. Ra1 f5 78. exf5+ Kxf5 79. Rc1 Ba4 80. Kf2 Rxh4
81. Ke3 Rh3 82. Nc3 Bb3 83. Ne4 h4 84. Nd6+ Ke6 85. Ne4 Kd5 86. Nf6+ Kc4 87. Ng4
e4 88. Kxe4 Kc3 89. Nf2 Rh2 90. Ke3 Rxf2 91. Kxf2 Kd2 92. Rh1 c1=Q 93. Rxc1 Kxc1
94. f4 Be6 0-1

[Event "Sardinia World Open A"]
[Site "Orosei ITA"]
[Date "2026.05.09"]
[Round "8.7"]
[White "Ilinca, Felix-Antonio"]
[Black "Idani, Pouya"]
[Result "1/2-1/2"]
[WhiteTitle "IM"]
[BlackTitle "GM"]
[WhiteElo "2486"]
[BlackElo "2594"]
[WhiteFideId "54764998"]
[BlackFideId "12510130"]
[EventDate "2026.05.03"]

1. d4 Nf6 2. c4 e6 3. Nc3 Bb4 4. e3 O-O 5. Bd3 d5 6. Nf3 dxc4 7. Bxc4 c5 8. O-O
Bd7 9. Qe2 Bc6 10. Rd1 Bxc3 11. bxc3 Nbd7 12. Bb2 Qa5 13. Bd3 cxd4 14. cxd4 Nb6
15. Ne5 Be4 16. Ng4 Nbd5 17. Bc4 Nxg4 18. Qxg4 Rac8 19. Rac1 Nf6 20. Qe2 Bd5 21.
Bd3 Qxa2 22. Ra1 Qb3 23. Ba3 Rfe8 24. Bc5 Ne4 25. Rdb1 Qc3 26. Rc1 Qd2 27. Qxd2
Nxd2 28. Bxa7 Nb3 29. Rxc8 Rxc8 30. Rd1 f5 31. f3 Bc4 32. Bc2 b5 33. Rb1 Nd2 34.
Rd1 Nb3 35. Rb1 Na5 36. d5 Ra8 37. Bb6 Bxd5 38. Rxb5 Nc4 39. Bd4 Na3 40. Rc5
Nxc2 41. Rxc2 Rb8 42. h4 h6 43. Kh2 Rb7 44. Kg3 Kf7 45. Be5 Kg6 46. Rc7 Rxc7 47.
Bxc7 h5 48. f4 1/2-1/2

[Event "Sardinia World Open A"]
[Site "Orosei ITA"]
[Date "2026.05.09"]
[Round "8.8"]
[White "Jacobson, Brandon"]
[Black "Atanasov, Anthony"]
[Result "1/2-1/2"]
[WhiteTitle "GM"]
[BlackTitle "IM"]
[WhiteElo "2594"]
[BlackElo "2470"]
[WhiteFideId "30901561"]
[BlackFideId "2623897"]
[EventDate "2026.05.03"]

1. e4 e5 2. Nc3 Nc6 3. g3 Bc5 4. Bg2 a5 5. d3 Nf6 6. Nge2 O-O 7. O-O Re8 8. h3
Nd4 9. Kh2 c6 10. f4 d5 11. f5 b5 12. g4 h6 13. Ng3 b4 14. Nce2 a4 15. Nxd4 exd4
16. Bf4 Bd6 17. Qd2 dxe4 18. Bxe4 Bxf4 19. Qxf4 Nd5 20. Bxd5 Qxd5 21. Rfe1 Bb7
22. f6 c5 23. Ne4 g5 24. Qf2 Re6 25. h4 Qe5+ 26. Kh3 gxh4 27. Qxh4 Bxe4 28. Rxe4
Qxf6 29. Qxf6 Rxf6 30. Kg3 a3 31. b3 Kh7 32. Re5 Rg8 33. Rae1 Rfg6 34. R1e4 Rg5
35. Rxg5 Rxg5 36. Kf4 Kg6 37. Re8 f6 38. Rd8 Re5 39. Rc8 h5 40. gxh5+ Rxh5 41.
Rc7 Re5 42. Kg4 Rf5 43. Kg3 Re5 44. Kg4 Rh5 45. Kf4 Rd5 46. Kg4 Kh6 47. Kf4 Rh5
48. Kg4 Kg6 49. Kf4 Rf5+ 50. Kg4 Rg5+ 51. Kf4 Kh6 52. Kf3 Rf5+ 53. Kg4 Kg6 54.
Kg3 Re5 55. Kf4 Rf5+ 56. Ke4 1/2-1/2

[Event "Sardinia World Open A"]
[Site "Orosei ITA"]
[Date "2026.05.09"]
[Round "8.9"]
[White "Dronavalli, Harika"]
[Black "Sonis, Francesco"]
[Result "1/2-1/2"]
[WhiteTitle "GM"]
[BlackTitle "GM"]
[WhiteElo "2470"]
[BlackElo "2556"]
[WhiteFideId "5015197"]
[BlackFideId "895733"]
[EventDate "2026.05.03"]

1. d4 Nf6 2. c4 e6 3. Nc3 Bb4 4. Nf3 b6 5. e3 Bb7 6. Bd3 c5 7. O-O O-O 8. Na4
cxd4 9. exd4 Be7 10. Bf4 d6 11. Re1 Nbd7 12. Nc3 a6 13. Rc1 Re8 14. h3 Bf8 15.
Bg5 h6 16. Bh4 Qc7 17. Nd2 Rac8 18. Bg3 e5 19. d5 g6 20. b4 Qb8 21. Nb3 Rc7 22.
a4 Qc8 23. Nb1 h5 24. Qd2 Kh7 25. Bh4 Bh6 26. Bg5 Bxg5 27. Qxg5 Kg7 28. Bf1 Qb8
29. N1d2 Ba8 30. Nf3 a5 31. bxa5 bxa5 32. Nxa5 Qa7 33. Nc6 Bxc6 34. dxc6 Rxc6
35. Nh4 Kh7 36. Nf3 e4 37. Qf4 Kg7 38. Ng5 Rc5 39. Qe3 Qxa4 40. Ra1 Qc6 41. h4
Rce5 42. Ra7 R8e7 43. Qd4 Qc5 44. Rd1 e3 45. fxe3 Rxe3 46. Ra6 Qxd4 47. Rxd4 Ne8
48. Ra7 Nc5 49. Rxe7 Rxe7 50. Nf3 Rd7 51. g3 Ra7 52. Bg2 Ra2 53. Nd2 Rc2 54. Bc6
Ne6 55. Rd3 N6c7 56. Bxe8 Nxe8 57. Ne4 Rxc4 58. Nxd6 Rc1+ 59. Kg2 Nf6 60. Rd2
Rc3 61. Re2 Ng4 62. Ne4 Ra3 63. Kh3 Ne3 64. Kh2 Nf5 65. Kg2 Ra4 66. Kh2 Rb4 67.
Kh3 Rc4 68. Kh2 Rc8 69. Kh3 Re8 70. Nc3 Rd8 71. Ne4 Rd7 72. Kg2 Rd3 73. Kf2 Rb3
74. Kg2 Ne3+ 75. Kf2 Ng4+ 76. Kg2 f6 77. Nc5 Rc3 78. Ne4 Ra3 79. Kh3 Ne3 80. Kh2
Nf5 81. Rd2 Ra6 82. Kg2 Rb6 83. Kf3 Rc6 84. Rd3 Rc7 85. Nd6 Nxd6 86. Rxd6 Kf7
87. Ra6 Ke7 88. Rb6 Rd7 89. Ke4 Rd6 90. Rb7+ Kf8 91. Ra7 Re6+ 92. Kf4 Re7 93.
Ra6 Kg7 94. Rb6 Re1 95. Rb7+ Kh6 96. Kf3 Re6 97. Ra7 g5 98. hxg5+ fxg5 99. Ra8
Rf6+ 100. Kg2 Kg6 101. Ra5 Re6 102. Kf3 Kf6 103. Rb5 Re5 104. Rb8 g4+ 105. Kf2
Kf5 106. Rb4 Rd5 107. Rf4+ Ke5 108. Ra4 Rc5 109. Ke3 Rc3+ 110. Kf2 Rf3+ 111. Kg2
Rd3 112. Kf2 Rd4 113. Ra8 Rd2+ 114. Ke3 Rh2 115. Ra5+ Ke6 116. Kf4 Kd6 117. Rb5
Ke6 118. Ra5 Kd6 119. Rb5 Ke6 120. Ke4 1/2-1/2

[Event "Sardinia World Open A"]
[Site "Orosei ITA"]
[Date "2026.05.09"]
[Round "8.10"]
[White "Sai, Krishna G V"]
[Black "Yilmaz, Mustafa"]
[Result "1/2-1/2"]
[WhiteTitle "IM"]
[BlackTitle "GM"]
[WhiteElo "2443"]
[BlackElo "2549"]
[WhiteFideId "5028280"]
[BlackFideId "6302718"]
[EventDate "2026.05.03"]

1. e4 c5 2. Nf3 e6 3. d4 cxd4 4. Nxd4 Nc6 5. Nc3 Qc7 6. Be2 Nf6 7. O-O Be7 8.
Be3 a6 9. f4 d6 10. Qe1 O-O 11. Kh1 Nxd4 12. Bxd4 b5 13. Qg3 Bb7 14. a3 Ne8 15.
Bd3 Bf6 16. e5 dxe5 17. fxe5 Rd8 18. Ne2 Be7 19. Rf4 g6 20. Qf2 Ng7 21. Ng3 Rd7
22. Rf1 Nf5 23. Rxf5 exf5 24. Nxf5 Rxd4 25. Nxe7+ Qxe7 26. Qxd4 Qg5 27. Rf2 Rd8
28. Qc3 Qc1+ 29. Rf1 Qg5 30. Rf2 Qc1+ 31. Rf1 Qg5 1/2-1/2

[Event "Sardinia World Open A"]
[Site "Orosei ITA"]
[Date "2026.05.09"]
[Round "8.11"]
[White "Vantika, Agrawal"]
[Black "Velten, Paul"]
[Result "0-1"]
[WhiteTitle "IM"]
[BlackTitle "GM"]
[WhiteElo "2367"]
[BlackElo "2487"]
[WhiteFideId "25050389"]
[BlackFideId "681091"]
[EventDate "2026.05.03"]

1. d4 d5 2. c4 c6 3. Nf3 Nf6 4. e3 a6 5. Bd3 Bg4 6. Nbd2 e6 7. Qc2 dxc4 8. Nxc4
Bxf3 9. gxf3 Nbd7 10. Bd2 c5 11. dxc5 Bxc5 12. Rg1 Rc8 13. Rc1 O-O 14. Ke2 Be7
15. Qb1 Rc5 16. f4 Rh5 17. Rg5 Rxh2 18. Rcg1 g6 19. R5g2 Rxg2 20. Rxg2 b5 21.
Na5 Qa8 22. Rg1 Nc5 23. Bb4 Re8 24. Bc2 Nce4 25. Bxe7 Rxe7 26. Nb3 Qd5 27. Nd4
Qh5+ 28. Ke1 Rc7 29. Bd1 Qc5 30. a3 b4 31. f3 Nd6 32. Qd3 bxa3 33. Qxa3 Qb6 34.
Be2 Nd5 35. Kd2 Nc4+ 36. Bxc4 Rxc4 37. Ne2 Rb4 38. Rb1 Rb3 39. Qa4 Rxb2+ 40.
Rxb2 Qxb2+ 41. Ke1 Qxe2+ 42. Kxe2 Nc3+ 0-1